5-Star Actresses II Quiz Stats

Quiz Updated Aug 13, 2016

Also try: 5-Star Actresses
Challenge
Share
Tweet
Embed
Score 0/60 Timer 07:00
1 Play Today
% Correct
Mr. & Mrs. Smith
95.9%
Lara Croft: Tomb Raider
94.6%
The Hunger Games
91.3%
The Blind Side
88.8%
Basic Instinct
86.9%
Speed
86.6%
Kill Bill: Vol. 1
86.3%
Silver Linings Playbook
85.2%
Gravity
84.7%
Thelma & Louise
84.1%
Legally Blonde
83.8%
American Hustle
83.8%
G.I. Jane
82.1%
Juno
81.6%
Salt
80.1%
Pulp Fiction
77.8%
Walk the Line
76.2%
Ghost
75.5%
A Few Good Men
72.3%
Edward Scissorhands
70.4%
Batman Returns
70.1%
Lost in Translation
70%
The Proposal
69.8%
Striptease
69%
The Rocky Horror Picture Show
67.3%
Casino
66%
Dangerous Minds
65.9%
Changeling
65.8%
X-Men: First Class
65.6%
Dead Man Walking
64.8%
% Correct
Gone in Sixty Seconds
64.2%
Grease 2
61.7%
Indecent Proposal
61.6%
Pleasantville
60.4%
Girl With a Pearl Earring
59.9%
Inception
59.6%
Winter's Bone
59.6%
Heathers
59.1%
Crash
55.7%
The Fabulous Baker Boys
55.2%
Water for Elephants
55.1%
Election
54.1%
Vicky Cristina Barcelona
53.1%
Scarface
52.6%
Reality Bites
50.9%
Whip It
49.2%
The Quick and the Dead
48.9%
The Client
48.6%
Mermaids
46.4%
Total Recall
46.1%
Gattaca
44%
The Truth About Cats & Dogs
42.2%
The Crucible
41.3%
The Prestige
41.1%
The Black Dahlia
41%
Be Cool
39.6%
Sliver
39.4%
Hard Candy
37.6%
Super
26.2%
Robot & Frank
18.1%

You're not logged in!

Compare scores with friends on all Sporcle quizzes.
Sign Up with Email
OR
Log In

You Might Also Like...

Show Comments

Extras

Top Quizzes Today


Score Distribution

Your Account Isn't Verified!

In order to create a playlist on Sporcle, you need to verify the email address you used during registration. Go to your Sporcle Settings to finish the process.